Quién es quién en información y documentación : España 1988 España 1988
ISBN:
84-86860-03-02
Publicado:
Madrid :
Comision Interministerial de Ciencia y Tecnologia : Comisión Nacional de España de la Unesco. Grupo de Trabajo de Información y Documentación, DL 1988
Descripción Física:
419 p. ; 27 cm
MARC
| LEADER | 00000nam a2200000Ia 4500 | ||
|---|---|---|---|
| 001 | 13059 | ||
| 008 | 160829s9999 xx 000 0 cat d | ||
| 020 | |a 84-86860-03-02 | ||
| 080 | |a O-1-104 | ||
| 245 | |a Quién es quién en información y documentación : |b España 1988 | ||
| 260 | |a Madrid : |b Comision Interministerial de Ciencia y Tecnologia : |b Comisión Nacional de España de la Unesco. Grupo de Trabajo de Información y Documentación, DL 1988 | ||
| 300 | |a 419 p. ; |c 27 cm | ||
| 650 | |a Arxivers |x Espanya |x Directoris |9 35984 | ||
| 650 | |a Bibliotecaris |x Espanya |x Directoris |9 35985 | ||
| 650 | |a Documentalistes |x Espanya |x Directoris |9 35986 | ||
| 700 | |a Espanya. Comisión Interministerial de Ciencia y Tecnología |9 37511 | ||
| 700 | |a Espanya. Comisión Española de Cooperación con la Unesco. Grupo de Trabajo de Información y Documentación |9 35988 | ||
| 901 | |a Arxiu | ||
| 942 | |n 1 | ||
| 952 | |0 0 |1 0 |4 0 |6 O1104 |7 1 |9 47139 |a Arxiu |b Arxiu |d 2016-12-01 |l 0 |o O-1-104 |p 13059 |r 2016-12-01 00:00:00 |w 2016-12-01 |y ARXIU | ||
| 999 | |c 50936 |d 50936 | ||